Harems of the mind : (Record no. 26537)
[ view plain ]
| 000 -LEADER | |
|---|---|
| fixed length control field | 01204cam a2200265 a 4500 |
| 001 - CONTROL NUMBER | |
| control field | 11863467 |
| 005 - DATE AND TIME OF LATEST TRANSACTION | |
| control field | 20170204151003.0 |
| 008 - FIXED-LENGTH DATA ELEMENTS--GENERAL INFORMATION | |
| fixed length control field | 991208s2000 ctuaf b 001 0 eng |
| 010 ## - LIBRARY OF CONGRESS CONTROL NUMBER | |
| LC control number | 99089406 |
| 020 ## - INTERNATIONAL STANDARD BOOK NUMBER | |
| International Standard Book Number | 0300083890 (cloth : alk. paper) |
| 040 ## - CATALOGING SOURCE | |
| Original cataloging agency | DLC |
| Transcribing agency | DLC |
| Modifying agency | DLC |
| 043 ## - GEOGRAPHIC AREA CODE | |
| Geographic area code | e------ |
| 050 00 - LIBRARY OF CONGRESS CALL NUMBER | |
| Classification number | NX650 |
| Item number | .H37Y43 2000 |
| 100 1# - MAIN ENTRY--PERSONAL NAME | |
| Personal name | Yeazell, Ruth Bernard. |
| 245 10 - TITLE STATEMENT | |
| Title | Harems of the mind : |
| Remainder of title | passages of Western art and literature / |
| Statement of responsibility, etc. | Ruth Bernard Yeazell. |
| 260 ## - PUBLICATION, DISTRIBUTION, ETC. (IMPRINT) | |
| Place of publication, distribution, etc. | New Haven : |
| Name of publisher, distributor, etc. | Yale University Press, |
| Date of publication, distribution, etc. | c2000. |
| 300 ## - PHYSICAL DESCRIPTION | |
| Extent | xii, 314 p., [48] p. of plates : |
| Other physical details | ill. (some col.) ; |
| Dimensions | 25 cm. |
| 504 ## - BIBLIOGRAPHY, ETC. NOTE | |
| Bibliography, etc | Includes bibliographical references (p. [255]-307) and index. |
| 650 #0 - SUBJECT ADDED ENTRY--TOPICAL TERM | |
| Topical term or geographic name as entry element | Harems in art. |
| 650 #0 - SUBJECT ADDED ENTRY--TOPICAL TERM | |
| Topical term or geographic name as entry element | Arts, European |
| General subdivision | Themes, motives. |
| 942 ## - ADDED ENTRY ELEMENTS (KOHA) | |
| Source of classification or shelving scheme | |
| Koha item type | Hard Covered Materials |
| Classification part | NX650 .H37Y43 2000 |
| Withdrawn status | Lost status | Source of classification or shelving scheme | Damaged status | Not for loan | Home library | Current library | Shelving location | Date acquired | Source of acquisition | Total Checkouts | Full call number | Barcode | Date last seen | Price effective from | Koha item type |
|---|---|---|---|---|---|---|---|---|---|---|---|---|---|---|---|
| MACHAKOS UNIVERSITY LIBRARY | MACHAKOS UNIVERSITY LIBRARY | Open shelf | 04/02/2017 | Donation(BFA) | NX650 .H37Y43 2000 | 34209 | 04/02/2017 | 04/02/2017 | Hard Covered Materials |